[Event "34th Dortmund Meeting"]
[Site "Dortmund GER"]
[Date "2006.08.01"]
[Round "3"]
[White "Leko, Peter"]
[Black "Adams, Michael"]
[WhiteElo "2738"]
[BlackElo "2732"]
[Result "1/2-1/2"]
[EventDate "2006.07.29"]
[PlyCount "50"]

1.d4 Nf6 2.c4 e6 3.g3 d5 4.Bg2 dxc4 5.Nf3 Nc6 6.Qa4 Bb4+ 7.Bd2 Nd5 8.Bxb4 
Nxb4 9.a3 b5 10.Qxb5 Nc2+ 11.Kd2 Bd7 12.Kxc2 Nxd4+ 13.Nxd4 Bxb5 14.Nxb5 
Rb8 15.Rd1 Qg5 16.Bc6+ Kf8 17.N1c3 Qc5 18.Bf3 g6 19.Nd4 Kg7 20.Rd2 Rhd8 
21.Rad1 Qb6 22.Na4 Qa5 23.Nc3 Qb6 24.Na4 Qa5 25.Nc3 Qb6 1/2-1/2